000 00870nam a2200253Ia 4500
003 OSt
005 20220926033511.0
006 a|||||r|||| 00| 0
007 ta
008 220923b |||||||| |||| 00| 0 eng d
020 _a9781786994400
_c6154.85
037 _b082, 03/03/2020, EXCEL BOOK INTERNATIONAL
_cGeneral Book
040 _aRTL
_cRTL
_beng
041 _2eng
_aeng
082 _aYb4, Q9
100 _aKAPOOR Dip
_9328907
245 0 _aResearch, political engagement and dispossession
_b Indigenous, peasant and urban poor activisms in the Americas and Asia
260 _aUnited Kingdom
_bZed Books
_c2019
300 _axixii,275p.
_ccm.
650 _aSociology
700 _a JORDON Steven
_9339290
942 _hYb4, Q9
_cGB
_2CC
999 _c656999
_d656999